Mnohí sa boja môjho návratu S Alexandrom Solženicynom hovorí Felix Müller

Bibliographic Details
Main Authors: Solženicyn, Aleksandr Isajevič, 1918-2008 (Author), Müller, Felix (Author)
Other Authors: Sýkora, František (Translator)
Format: Article
Language:Slovak
PhysicalDescription:Fotogr. 1
Subjects:

MARC

LEADER 00000nab a2200000 a 4500
001 vtls000505045
003 SK-MaSNL
005 20260304084706.0
008 250425c1993 xo 0 slo
015 |a SNBRB19rr/mm-uuuuu 
035 |a CL0505183 
035 |a urn:nbn:sk:snk-abam3g 
035 |a (urnnbn)urn:nbn:sk:snk:ar-0081w1 
035 |a (uuid)315ef8cf-ca86-4412-8f17-7b501efeaed6 
040 |a SNKBUCL  |b slo  |c SNKBUCL  |e AACR2 
041 0 |a slo 
044 |a xo  |c SK 
080 |a 323(47)  |2 1981 
080 |a 323(470)  |2 1981 
100 1 |a Solženicyn, Aleksandr Isajevič,  |d 1918-2008  |4 aut  |9 222919 
245 1 0 |a Mnohí sa boja môjho návratu  |b S Alexandrom Solženicynom hovorí Felix Müller  |c Aleksandr Isajevič Solženicyn, Felix Müller ; Prekl. František Sýkora 
300 |b Fotogr. 1 
650 0 7 |a vnútorná politika  |2 snkbucl  |9 970 
650 0 7 |a Rusi  |2 snkbucl  |9 26608 
651 7 |a Rusko  |2 snkbucl  |9 17250 
651 7 |a Sovietsky zväz  |2 snkbucl  |9 22126 
655 7 |a články z novín a časopisov  |2 snkbucl  |9 267496 
700 1 |a Sýkora, František  |4 trl  |9 288657 
700 1 |a Müller, Felix  |4 aut  |9 1377307 
773 0 |t Literárny týždenník  |g Roč. 6, č. 48 (1993), s. 8-9 
850 |a Slovenská národná knižnica 
852 |a Slovenská národná knižnica 
954 |a odborná, vedecká literatúra pôvodná (slovenská)  |2 lita 
958 |a article14 
958 |a RK 
958 |a OND 
958 |a EUIPO 
999 |c 2804752  |d 2806682